<?xml version="1.0" encoding="UTF-8"?>
<record
    xmlns:xsi="http://www.w3.org/2001/XMLSchema-instance"
    xsi:schemaLocation="http://www.loc.gov/MARC21/slim http://www.loc.gov/standards/marcxml/schema/MARC21slim.xsd"
    xmlns="http://www.loc.gov/MARC21/slim">

  <leader>00200nam a2200085   4500</leader>
  <controlfield tag="001">1258017</controlfield>
  <controlfield tag="005">20260223124814.0</controlfield>
  <datafield tag="245" ind1=" " ind2=" ">
    <subfield code="a">G&#x130;Z&#x130;EML&#x130; D&#xDC;NYA M&#xDC;ZES&#x130;</subfield>
    <subfield code="c">SERVET YANARDA&#x11E;</subfield>
  </datafield>
  <datafield tag="260" ind1=" " ind2=" ">
    <subfield code="b">DO&#x11E;AN EGMONT</subfield>
  </datafield>
  <datafield tag="999" ind1=" " ind2=" ">
    <subfield code="c">1258017</subfield>
    <subfield code="d">1258017</subfield>
  </datafield>
  <datafield tag="952" ind1=" " ind2=" ">
    <subfield code="0">0</subfield>
    <subfield code="1">0</subfield>
    <subfield code="2">ddc</subfield>
    <subfield code="4">0</subfield>
    <subfield code="7">0</subfield>
    <subfield code="a">1065</subfield>
    <subfield code="b">1065</subfield>
    <subfield code="d">2026-02-23</subfield>
    <subfield code="l">0</subfield>
    <subfield code="o">W20</subfield>
    <subfield code="p">106518426</subfield>
    <subfield code="r">2026-02-23 12:49:05</subfield>
    <subfield code="w">2026-02-23</subfield>
    <subfield code="y">BK</subfield>
  </datafield>
</record>
